000 00482nam a2200169 i 4500
001 44792
003 ES-MaACL
005 20250701063134.0
007 t|
008 030324s1887 fr ||||1| fre d
100 1 _aClaretie, Jules,
_d1840-1913
_9160289
245 1 0 _aCandidat!
_b: roman contemporain /
_cJules Claretie.
260 _aParis :
_b[s.n.],
_c1887 (
_fP. Dupont et Cie)
300 _a379 p. ;
_c19 cm.
852 _aES-MaACL
_jD-1530
999 _c44792
_d44792